| 000 | 00551nam a2200181 i 4500 | ||
|---|---|---|---|
| 001 | 101197 | ||
| 003 | ES-MaACL | ||
| 005 | 20230906182836.0 | ||
| 007 | t| | ||
| 008 | 051014s1968 sp ||||1| spa d | ||
| 100 | 1 |
_aMaxwell, E. A. _979313 |
|
| 245 | 1 | 0 |
_aGeometría analítica / _cE. A. Maxwell; versión española de Guillermo Fleitas Morales. |
| 250 | _a[1ª ed.]. | ||
| 260 |
_aMadrid : _bAlhambra, _c1968. |
||
| 300 |
_aXI, 244 p. : _bil. ; _c20 cm. |
||
| 700 | 1 |
_aFleitas Morales, Guillermo. _951164 |
|
| 852 |
_aES-MaACL _jC-35461 _bR.68347 |
||
| 999 |
_c101197 _d101197 |
||